000 00202 a2200097 4500
001 45201
100 _aThomson W
245 _aThrust for flight
260 _aLondon
_bPitman
_c
090 _c28388
_d28388
942 _aNUST-CAE
_cM
_c20433
999 _c280274
_d280274